| 000 | 00647nam a2200229Ia 4500 | ||
|---|---|---|---|
| 003 | IIN | ||
| 005 | 20240209160417.0 | ||
| 008 | 231217s9999 xx 000 0 und d | ||
| 020 |
_cRs.1125.00 _a9789386896681 |
||
| 040 |
_aIIN _bEnglish |
||
| 082 |
_a610.73699 _bVAT |
||
| 100 | 1 | _aVati,, Joginder | |
| 245 | 1 |
_aAdult Medical Surgical Nursing / _cJoginder Vati, Prabhjoi Kaur & Lakhwinder Kaur |
|
| 260 |
_aJalandhar : _bLotus , _c2022 |
||
| 300 | _a[14]; 1-1078p. | ||
| 440 | _vVol.2 | ||
| 650 | 1 |
_aMedical Surgical _vNursing |
|
| 650 | 1 | _aAdult Health Nursing | |
| 700 | 1 | _aKaur, Prabhjoi | |
| 700 | 1 | _aKaur, Lakhwinder | |
| 942 | _cBOOK | ||
| 999 |
_c1657 _d1657 |
||